000
003170000a22001450004500
005
20120302054457.0
942
_c
BOOK
245
_a
Kalyan Anka:Varsha 45-Anka-6
260
_a
Gorakhpur:Geeta,1971.
300
_a
957-1012p.
040
_a
HIN
650
_a
Sankirna
650
_a
Maaasik-Kalyan
650
_a
Maasik
999
_c
345738
_d
345735